Loading...
| Fine Arts - Classical Music | 0 | 7 | 0 | 2 | 70 | 40 | 87.14 | 1 | 5 | 0.00 | 0.00 |
| Philosophy | 0 | 3 | 1 | 0 | 25 | 54 | 69.67 | 0 | 1 | 0.00 | 0.00 |
| Religion | 0 | 2 | 0 | 0 | 20 | 73 | 82.00 | 0 | 0 | 0.00 | 0.00 |
| Fine Arts - Other | 0 | 2 | 0 | 0 | 20 | 30 | 48.50 | 1 | 2 | 0.00 | 0.00 |
| History - American | 0 | 2 | 0 | 1 | 20 | 83 | 96.50 | 0 | 0 | 0.00 | 0.00 |
| Science - Biology | 0 | 1 | 0 | 1 | 10 | 110 | 110.00 | 0 | 0 | 0.00 | 0.00 |
| History - European | 0 | 1 | 0 | 0 | 10 | 35 | 35.00 | 1 | 1 | 0.00 | 0.00 |
| Literature - American | 0 | 1 | 0 | 0 | 10 | 113 | 113.00 | 0 | 0 | 0.00 | 0.00 |
| Social Science | 0 | 1 | 0 | 0 | 10 | 48 | 48.00 | 0 | 1 | 0.00 | 0.00 |
| Science - Chemistry | 0 | 1 | 0 | 0 | 10 | 90 | 90.00 | 0 | 0 | 0.00 | 0.00 |
| History - Other | 0 | 1 | 1 | 0 | 5 | 109 | 109.00 | 0 | 0 | 0.00 | 0.00 |
| Literature - European | 0 | 0 | 0 | 0 | 0 | 0.00 | 0 | 0 | 0.00 | 0.00 | |
| Literature - World | 0 | 0 | 1 | 0 | -5 | 0.00 | 0 | 0 | 0.00 | 0.00 | |
| Current Events | 0 | 0 | 1 | 0 | -5 | 0.00 | 0 | 0 | 0.00 | 0.00 |